มุมมองปกติ
มุมมองแบบ MARC
- คริสต์ศาสนากับการเมือง
รายการ Topical Term
001 - CONTROL NUMBER
- control field: 27121
003 - CONTROL NUMBER IDENTIFIER
- control field: NALT
005 - DATE AND TIME OF LATEST TRANSACTION
- control field: 20180405142246.0
008 - FIXED-LENGTH DATA ELEMENTS
- fixed length control field: 180405|| aca||babn | a|a d
040 ## - CATALOGING SOURCE
- Original cataloging agency: NALT
150 ## - HEADING--TOPICAL TERM
- Topical term or geographic name entry element: คริสต์ศาสนากับการเมือง
- Geographic subdivision: ฟิลิปปินส์
